书目信息 |
| 题名: |
科学社会主义理论与实践
|
|
| 作者: | 张凤华 主编 | |
| 分册: | ||
| 出版信息: | 武汉 华中师范大学出版社 2007.02 |
|
| 页数: | 343页 | |
| 开本: | 24cm | |
| 丛书名: | ||
| 单 册: | ||
| 中图分类: | D0-0 | |
| 科图分类: | ||
| 主题词: | 科学社会主义理论--ke xue she hui zhu yi li lun--高等学校--教材 | |
| 电子资源: | ||
| ISBN: | 978-7-5622-3507-1 | |
| 000 | 00937nam0 2200253 450 | |
| 001 | 012008644961 | |
| 005 | 20080626113442.57 | |
| 010 | @a978-7-5622-3507-1@dCNY32.00 | |
| 100 | @a20080626d2007 em y0chi0120 ea | |
| 101 | 0 | @achi |
| 102 | @aCN@b420000 | |
| 105 | @ay a 000yy | |
| 106 | @ar | |
| 200 | 1 | @a科学社会主义理论与实践@Ake xue she hui zhu yi li lun yu shi jian@f张凤华主编@Fzhang feng hua zhu bian |
| 210 | @a武汉@c华中师范大学出版社@d2007.02 | |
| 215 | @a343页@d24cm | |
| 300 | @a华大博雅通识教育课教材 华大博雅高校教材 | |
| 320 | @a有书目 (第340-343页) | |
| 330 | @a本书内容包括:社会主义从空想到科学的发展、列宁主义的社会主义理论与实践、斯大林模式社会主义、毛泽东思想与中国特色社会主义的初步探索等。 | |
| 606 | 0 | @a科学社会主义理论@Ake xue she hui zhu yi li lun@x高等学校@j教材 |
| 690 | @aD0-0@v4 | |
| 701 | 0 | @a张凤华@Azhang feng hua@4主编 |
| 801 | 0 | @aCN@bQSSK@c20080626 |
| 905 | @b729921-23@dD0-0@eZ102@f3 | |
| 科学社会主义理论与实践/张凤华主编.-武汉:华中师范大学出版社,2007.02 |
| 343页;24cm |
| 华大博雅通识教育课教材 华大博雅高校教材 |
| ISBN 978-7-5622-3507-1:CNY32.00 |
| 本书内容包括:社会主义从空想到科学的发展、列宁主义的社会主义理论与实践、斯大林模式社会主义、毛泽东思想与中国特色社会主义的初步探索等。 |
| ● |
| 相关链接 |
|
|
|
正题名:科学社会主义理论与实践
索取号:D0-0/Z102
 
预约/预借
| 序号 | 登录号 | 条形码 | 馆藏地/架位号 | 状态 | 备注 |
| 1 | 729921 | 207299216 | 社科库509/509社科库 67排3列4层/ [索取号:D0-0/Z102] | 在馆 | |
| 2 | 729922 | 207299225 | 社科库509/509社科库 67排3列4层/ [索取号:D0-0/Z102] | 在馆 | |
| 3 | 729923 | 207299234 | 社科库509/509社科库 67排3列4层/ [索取号:D0-0/Z102] | 在馆 |